[Event "ch-GBR"]
[Site "Torquay ENG"]
[Date "2002.08.07"]
[Round "9"]
[White "Berry,N"]
[Black "Knott,S"]
[Result "1/2-1/2"]
[WhiteElo "2255"]
[BlackElo "2367"]

1.d4 Nf6 2.c4 g6 3.Nc3 d5 4.cxd5 Nxd5 5.e4 Nxc3 6.bxc3 Bg7 7.Bc4 c5 8.Ne2 Nc6
9.Be3 O-O 10.O-O Qc7 11.Rc1 Rd8 12.Bf4 Qd7 13.d5 Ne5 14.Bb3 b5 15.Bxe5 Bxe5
16.f4 Bg7 17.c4 Ba6 18.cxb5 Bxb5 19.Re1 Rac8 20.Bc4 Bxc4 21.Rxc4 e6 22.Nc3 Bd4+
23.Kh1 Bxc3 24.Rxc3 exd5 25.exd5 Qxd5 26.Qc2 Qd2 27.Rf1 c4 28.Kg1 Rc5 29.Qxd2 Rxd2
30.Rf2 Rd1+ 31.Rf1 Rd4 32.g3 Kf8 33.Rfc1 Ke7 34.R1c2 Kd6 35.Kf2 Kd5 36.Re3 Rc7
37.Re5+ Kd6 38.Ke3 Rd3+ 39.Ke2 Rd5 40.Re4 Rdc5 41.Rd4+ Ke6 42.Kf3 c3 43.Rd3 h5
44.Re2+ Kf6 45.Rc2 Rc8 46.Re3 Ra5 47.h3 Ra4 48.Rexc3 Rxc3+ 49.Rxc3 Rxa2 50.g4 hxg4+
51.hxg4 a5 52.Rc6+ Kg7 53.Ra6 a4 54.Ra8 a3 55.g5 Ra1 56.Kg2 a2 57.Kh2 Rf1
58.Rxa2 Rxf4 59.Kg3 Rf5 60.Kg4 Kf8 61.Ra7 Ke8 62.Rc7 Rd5 63.Rc4 Ke7 64.Re4+ Kd6
65.Rf4 Ke6 66.Rf6+ Ke7 67.Rf4 Re5 68.Ra4 Rc5 69.Re4+ Kd6 70.Rf4 Rc7 71.Rf6+ Ke7
72.Rf4 Rc1 73.Rf6 Ke8 74.Rf3 Rc4+ 75.Kg3 Re4 76.Rf6 Re6 77.Rf3 Kf8 78.Kg4 Re1
79.Rf6 Ke8 80.Rf3 Kf8 81.Rf6 Kg8 82.Rf2 Re4+ 83.Kg3 Re5 84.Kg4 Re1 85.Rf6 Rg1+
86.Kh4 Kf8 87.Rf2 Ke8 88.Rf6 Rg2 89.Rf1 Kf8 90.Rf6 Ke8 91.Rf1 Re2 92.Kg4 Re4+
93.Kg3 Ke7 94.Rf6 Re3+ 95.Kg4 Re4+ 96.Kg3 Re6 97.Rf2 f5 98.gxf6+ Rxf6 99.Rxf6 Kxf6
100.Kf4 g5+  1/2-1/2

[Event "6th HZ Open"]
[Site "Vlissingen NED"]
[Date "2002.08.07"]
[Round "5"]
[White "Stange,W"]
[Black "Sparreboom,W"]
[Result "1-0"]
[WhiteElo "2158"]
[BlackElo "2006"]

1.d4 Nf6 2.c4 g6 3.Nc3 d5 4.cxd5 Nxd5 5.e4 Nxc3 6.bxc3 Bg7 7.Bc4 O-O 8.Ne2 c5
9.O-O Qa5 10.Rb1 cxd4 11.cxd4 e6 12.Bf4 Nc6 13.Bd6 Re8 14.e5 Qd8 15.Nc3 a6
16.a4 Na5 17.Be2 Bd7 18.Bf3 Rc8 19.Ne4 Bc6 20.Nc5 Nc4 21.Bxc6 bxc6 22.Nb7 Qg5
23.Qd3 Nxd6 24.Nxd6 Rcd8 25.f4 Qe7 26.Rb7 Qf8 27.Rxf7 Qxf7 28.Nxf7 Kxf7 29.Qxa6 Bf8
30.Rb1 c5 31.Rb7+ Kg8 32.dxc5 Bxc5+ 33.Kf1 Bf8 34.Qc6 Rc8 35.Rc7 Rb8 36.a5 Kh8
37.g3 Rb1+ 38.Kg2 Rb2+ 39.Kh3 Rbb8 40.a6 h6 41.a7 Ra8 42.Qb7  1-0

[Event "TUR-GEO Chess Summit"]
[Site "Ankara TUR"]
[Date "2002.08.08"]
[Round "5"]
[White "Iashvili,A"]
[Black "Erdogdu,M"]
[Result "1/2-1/2"]
[WhiteElo "2380"]
[BlackElo "2321"]

1.d4 Nf6 2.c4 g6 3.Nc3 d5 4.cxd5 Nxd5 5.e4 Nxc3 6.bxc3 Bg7 7.Nf3 c5 8.Rb1 O-O
9.Be2 cxd4 10.cxd4 Qa5+ 11.Qd2 Qxd2+ 12.Bxd2 b6 13.Rc1 Bb7 14.d5 Rc8 15.Rxc8+ Bxc8
16.Bb4  1/2-1/2

[Event "GPA Open"]
[Site "Ontario CAN"]
[Date "2002.08.09"]
[Round "4"]
[White "Zubac,M"]
[Black "Masse,H"]
[Result "1-0"]
[WhiteElo "2207"]
[BlackElo "2095"]

1.d4 Nf6 2.c4 g6 3.Nc3 d5 4.cxd5 Nxd5 5.e4 Nxc3 6.bxc3 Bg7 7.Bc4 c5 8.Ne2 O-O
9.Be3 Nc6 10.h4 cxd4 11.cxd4 Qa5+ 12.Kf1 Qa3 13.h5 Na5 14.Bd3 Bd7 15.hxg6 hxg6
16.Nf4 Rfc8 17.e5 e6 18.Qg4 Rc3 19.Bxg6 fxg6 20.Qxg6 Nc4 21.Nh5 Nxe3+ 22.fxe3 Qe7
23.Nf6+ Kf8 24.Rh8+  1-0

[Event "GPA Open"]
[Site "Ontario CAN"]
[Date "2002.08.09"]
[Round "5"]
[White "Ochkoos,J"]
[Black "Glinert,S"]
[Result "0-1"]
[WhiteElo "2289"]
[BlackElo "2324"]

1.d4 Nf6 2.c4 g6 3.Nc3 d5 4.cxd5 Nxd5 5.e4 Nxc3 6.bxc3 Bg7 7.Ba3 Nd7 8.Qb3 O-O
9.Nf3 c5 10.Rd1 Qc7 11.Bd3 b6 12.O-O Bb7 13.Rfe1 Rac8 14.Qb1 Rfd8 15.Bf1 e5
16.d5 c4 17.Nd2 Ba6 18.h4 Nc5 19.h5 Bh6 20.Bxc5 Qxc5 21.g3 Qa3 22.Qa1 Rc5
23.Nf3 f6 24.hxg6 hxg6 25.Bh3 Ra5 26.Re2 Bb5 27.Kg2 Kg7 28.Rh1 Rh8 29.Be6 Be8
30.Rh3 b5 31.Rc2 Ra6 32.Qd1 Qe7 33.Re2 Rd6 34.Re1 Rxe6 35.dxe6 Qxe6 36.Reh1 Bc6
37.Qe2 Qd7 38.Qe3 Qxh3+  0-1

[Event "ch-GBR"]
[Site "Torquay ENG"]
[Date "2002.08.09"]
[Round "11"]
[White "Lalic,B"]
[Black "Gormally,D"]
[Result "1/2-1/2"]
[WhiteElo "2540"]
[BlackElo "2525"]

1.d4 Nf6 2.c4 g6 3.Nc3 d5 4.cxd5 Nxd5 5.e4 Nxc3 6.bxc3 Bg7 7.Ba3 Nd7 8.Nf3 c5
9.Qb3 O-O 10.Bc4 cxd4 11.cxd4 Nb6 12.O-O Nxc4 13.Qxc4 b6 14.Rac1 Bg4 15.Ne5 Bxe5
16.dxe5 Rc8 17.Qd5 Be6 18.Qxd8 Rfxd8 19.Bxe7 Rxc1 20.Rxc1 Re8 21.Rc7 Rc8
22.Rxc8+ Bxc8 23.f3 Be6 24.a3 h5 25.Kf2 Bc4 26.h3 Kh7 27.g4 hxg4 28.hxg4 Bd3
29.Ke3 Bc2 30.f4 Bd1 31.g5 Bg4 32.Kd4 Kg8 33.Bd6 Bd1 34.Bb8 a6 35.Bc7 b5
36.Ba5 Bc2 37.Bb4 Bb1 38.Kd5 Bc2 39.Kc6 Bxe4+ 40.Kb6 Bd5 41.Kxa6 Bc4 42.Kb7 Bd5+
43.Kc7 Bc4 44.Kb7 Bd5+ 45.Kc7 Bc4 46.Kd7 Kg7 47.Bc3 Kf8 48.Kc6 Bd3 49.Kd7 Bf5+
50.Kd8 Be6 51.Bb4+ Kg7 52.Kc7 Bf5 53.Kc6 Bd3 54.Kc5 Be2  1/2-1/2

[Event "TUR-GEO Chess Summit"]
[Site "Ankara TUR"]
[Date "2002.08.12"]
[Round "10"]
[White "Iashvili,A"]
[Black "Atakisi,U"]
[Result "0-1"]
[WhiteElo "2380"]
[BlackElo "2361"]

1.d4 Nf6 2.c4 g6 3.Nc3 d5 4.cxd5 Nxd5 5.e4 Nxc3 6.bxc3 Bg7 7.Nf3 c5 8.Rb1 O-O
9.Be2 Nc6 10.d5 Bxc3+ 11.Bd2 Bxd2+ 12.Qxd2 Na5 13.h4 Bg4 14.h5 Bxf3 15.gxf3 e5
16.hxg6 fxg6 17.d6 b6 18.Qd5+ Kg7 19.Qxe5+ Qf6 20.Qd5 Rad8 21.Rd1 Rfe8 22.Kf1 Re6
23.d7 Re7 24.Bb5 Qxf3 25.e5 Qf5 26.Re1 a6 27.Ba4 b5 28.Qxc5 Rdxd7 29.Bc2 Qf3
30.Be4 Qf4 31.Qb6 Nc4 32.Rxh7+ Kxh7 33.Qxg6+ Kh8 34.Kg2 Rg7 35.Rh1+ Kg8  0-1

[Event "15th Open"]
[Site "Kiel GER"]
[Date "2002.08.12"]
[Round "4"]
[White "Albers,A"]
[Black "Starostits,I"]
[Result "0-1"]
[WhiteElo "2051"]
[BlackElo "2442"]

1.d4 Nf6 2.c4 g6 3.Nc3 d5 4.cxd5 Nxd5 5.e4 Nxc3 6.bxc3 Bg7 7.Nf3 c5 8.Be3 Qa5
9.Qd2 O-O 10.Rb1 b6 11.Rb5 Qa4 12.Be2 Ba6 13.Rb2 cxd4 14.cxd4 Bxe2 15.Kxe2 Nc6
16.Rbb1 Rad8 17.Rhd1 e5 18.d5 Qxe4 19.d6 Nd4+ 20.Kf1 Rxd6 21.Nxd4 exd4 22.Bf4 Rc6
23.Re1 Qf5 24.Bh6 Rc2  0-1

[Event "2nd CMA Futurity"]
[Site "Toronto CAN"]
[Date "2002.08.14"]
[Round "3"]
[White "Zugic,I"]
[Black "Tyomkin,D"]
[Result "1/2-1/2"]
[WhiteElo "2450"]
[BlackElo "2482"]

1.d4 Nf6 2.c4 g6 3.Nc3 d5 4.cxd5 Nxd5 5.e4 Nxc3 6.bxc3 Bg7 7.Be3 c5 8.Rc1 Qa5
9.Qd2 O-O 10.Nf3 Rd8 11.d5 e6 12.h4 exd5 13.exd5 Nd7 14.c4 Qxd2+ 15.Nxd2 Re8
16.Be2 b6 17.Nb3 Nf6 18.Bf3 Bh6 19.Kd2 Bxe3+ 20.fxe3 Ne4+ 21.Bxe4 Rxe4 22.Ke2 Bg4+
23.Kf2 Rae8 24.Rc3 Bc8  1/2-1/2

[Event "ADCF Masters"]
[Site "Abu Dhabi UAE"]
[Date "2002.08.17"]
[Round "6"]
[White "Poluljahov,A"]
[Black "Vakhidov,T"]
[Result "1/2-1/2"]
[WhiteElo "2512"]
[BlackElo "2500"]

1.d4 Nf6 2.c4 g6 3.Nc3 d5 4.cxd5 Nxd5 5.e4 Nxc3 6.bxc3 Bg7 7.Ba3 O-O 8.Nf3 b6
9.Bc4 Nc6 10.O-O Na5 11.Bd3 c5 12.Rc1 Qc7 13.Qd2 Bg4 14.Qe3 Rfd8 15.Bb5 a6
16.Be2 Nb7 17.h3 Bd7 18.Bb2 Bb5 19.Ba1  1/2-1/2

[Event "It"]
[Site "Tel Aviv ISR"]
[Date "2002.08.17"]
[Round "9"]
[White "Zoler,D"]
[Black "Livshits,G"]
[Result "1/2-1/2"]
[WhiteElo "2503"]
[BlackElo "2380"]

1.d4 Nf6 2.c4 g6 3.Nc3 d5 4.cxd5 Nxd5 5.e4 Nxc3 6.bxc3 Bg7 7.Ba3 O-O 8.Be2 b6
9.Nf3 c5 10.Rc1 Bb7 11.e5 Qc7 12.O-O Rd8 13.Qb3 e6 14.h4 h6 15.Rfd1 Nc6 16.Qb1 Rac8
17.h5 g5 18.Nh2 Ne7 19.Ng4 Nf5 20.Bd3 Qc6 21.f3 cxd4 22.Bb5 Qc7 23.cxd4 Qb8
24.Rxc8 Qxc8 25.Bb2 Kh8 26.Rc1 Qb8 27.Qd3 Rc8 28.Re1 Qc7 29.Rc1 Qd8 30.Rxc8 Qxc8
31.Kh2 Bd5 32.a4 Qc7 33.Qd2 Bb3 34.Ne3 Nxe3 35.Qxe3 Qc2 36.Qe4 Qxe4 37.fxe4 Bf8
38.Bc6 Kg8 39.g4 Bb4 40.d5 Kf8 41.d6 Bd1 42.Kh3 Bc5 43.Bc3 Be2 44.Kg3 Bd1
45.a5 Be2 46.axb6 axb6 47.Be1 Bd1 48.Bc3 Be2 49.Bd7 Bd1 50.Bb5 Bc2 51.Kf3 Bd1+
52.Be2 Bc2 53.Bd2 Ke8 54.Bb5+ Kd8 55.Be3 Bxe3 56.Kxe3 Bd1 57.Be2 Ba4 58.Kd4 Bc6
59.Bf3 Bb5 60.Kc3 Bf1 61.Kb4 Bd3 62.Bd1 Bf1 63.Kc3 Bb5 64.Kd2 Bc6 65.Bc2 Bb5
66.Bd3 Ba4 67.Be2 Bc6 68.Kd3 Bb5+ 69.Ke3 Bc6 70.Kd4 Ba4 71.Kc4 Bc6 72.Kb4 Bxe4
73.Kb5 Bb1 74.Kxb6 Bc2 75.Kc5 Be4 76.Kd4 Bc2 77.Bf3 Bb3 78.Be2 Bc2 79.Ke3 Bb3
80.Bf3 Bc2 81.Be2 Bb3 82.Kf3 Bc2 83.Bb5 Bd1+ 84.Kg3 Bc2 85.Be2 Be4 86.Kf2 Bb1
87.Ke3 Bc2 88.Bf3 Bb3 89.Kd2 Bc4 90.Be4 Bf1 91.Ke3 Bb5 92.Bh7 Ba4 93.Kd2 Bc6
94.Ke2 Bb5+ 95.Bd3 Ba4 96.Kf3 Bd1+ 97.Kg3 Bb3 98.Bh7 Ba4 99.Bg8 Ke8 100.Bh7 Kd8
101.Be4  1/2-1/2

[Event "ADCF Masters"]
[Site "Abu Dhabi UAE"]
[Date "2002.08.18"]
[Round "7"]
[White "Umansky,Vl"]
[Black "Turov,M"]
[Result "1/2-1/2"]
[WhiteElo "2405"]
[BlackElo "2518"]

1.d4 Nf6 2.c4 g6 3.Nc3 d5 4.cxd5 Nxd5 5.e4 Nxc3 6.bxc3 Bg7 7.Nf3 O-O 8.Be2 c5
9.O-O cxd4 10.cxd4 Nc6 11.Be3 Bg4 12.d5 Bxa1 13.Qxa1 Na5 14.Bh6 f6 15.Bxf8 Qxf8
16.Qc3  1/2-1/2

[Event "Open"]
[Site "Birstonas LIT"]
[Date "2002.08.18"]
[Round "2"]
[White "Grabliauskas,V"]
[Black "Korchagin,O"]
[Result "1-0"]
[WhiteElo "2449"]
[BlackElo "2166"]

1.d4 Nf6 2.c4 g6 3.Nc3 d5 4.cxd5 Nxd5 5.e4 Nxc3 6.bxc3 Bg7 7.Bb5+ c6 8.Ba4 b5
9.Bb3 b4 10.Bb2 bxc3 11.Bxc3 O-O 12.Rc1 Na6 13.Ne2 Qb6 14.Qd2 Bg4 15.f3 Bd7
16.h4 h6 17.h5 g5 18.f4 g4 19.f5 Nc7 20.Rh4 Ne8 21.Nf4 Nf6 22.Bc2 e6 23.fxe6 fxe6
24.e5 Nd5 25.Rxg4 Rxf4 26.Rxf4 Nxf4 27.Qxf4 Rf8 28.Qe4 Rf5 29.g4 Rf7 30.Rb1 Qd8
31.Qh7+ Kf8 32.Bb4+ Ke8 33.Qg8+ Bf8 34.g5  1-0

[Event "ADCF Masters"]
[Site "Abu Dhabi UAE"]
[Date "2002.08.19"]
[Round "8"]
[White "Bagirov,R"]
[Black "Vakhidov,T"]
[Result "1/2-1/2"]
[WhiteElo "2516"]
[BlackElo "2500"]

1.d4 Nf6 2.c4 g6 3.Nc3 d5 4.cxd5 Nxd5 5.e4 Nxc3 6.bxc3 Bg7 7.Bb5+ c6 8.Ba4 O-O
9.Ne2 c5 10.O-O Nc6 11.Be3 Na5 12.Rb1 cxd4 13.cxd4 b6 14.Qd3 Bd7 15.Bb5 Bxb5
16.Qxb5 Qd6 17.e5 Qe6 18.a4 Rfc8 19.Nf4 Qf5 20.Nd5 Qe6 21.Rbc1 Rxc1 22.Rxc1 a6
23.Nxe7+ Qxe7 24.Qxb6 Qd8 25.Qxd8+ Rxd8 26.f4 Nb3 27.Rc4 Bf8 28.Kf1 Na5 29.Rc7 Nb3
30.Rc4 Na5 31.Rc7 Nb3 32.Rc4 Na5  1/2-1/2

[Event "2nd CMA Futurity"]
[Site "Toronto CAN"]
[Date "2002.08.19"]
[Round "7"]
[White "Roussel Roozmon,T"]
[Black "Tyomkin,D"]
[Result "1/2-1/2"]
[WhiteElo "2218"]
[BlackElo "2482"]

1.d4 Nf6 2.c4 g6 3.Nc3 d5 4.cxd5 Nxd5 5.e4 Nxc3 6.bxc3 Bg7 7.Nf3 c5 8.Be3 Qa5
9.Qd2 O-O 10.Rc1 Rd8 11.d5 Nc6 12.Be2 Bg4 13.O-O e6 14.Bg5 f6 15.Bf4 e5 16.Be3 Ne7
17.Rb1 b6 18.Qc2 Bd7 19.Nd2 Qa4 20.Qb3 Nc8 21.Nc4 Qxb3 22.Rxb3 Bf8 23.Ra1 b5
24.Na5 c4 25.Rbb1 Nd6 26.f3 Rdc8 27.a4 bxa4 28.Nc6 Bxc6 29.dxc6 Rxc6 30.Rxa4 a6
31.Rb6 Rxb6 32.Bxb6 Rc8 33.Be3 Rc6 34.Bc1 Kg7 35.Kf2 Be7 36.Ba3 Bd8 37.Bxd6 Rxd6
38.Bxc4 Rd2+ 39.Kg3 a5 40.Be6 Kf8 41.h4 Rc2 42.Rc4 Rc1 43.Rc8 Ke7 44.Bg8 Kd7
45.Rc4 h6 46.Bh7 g5 47.Bf5+ Kd6 48.h5 Bc7 49.Bh3 Rb1 50.Kg4 Rb6 51.Kf5 Ra6
52.Kg6 a4 53.Bc8 Ra7 54.Rb4 a3 55.Rb1 Ba5 56.Kxh6 Bxc3 57.Kg6 a2 58.Rd1+ Bd4
59.h6 Ra8  1/2-1/2

[Event "ch-RUS"]
[Site "Krasnodar RUS"]
[Date "2002.08.27"]
[Round "1"]
[White "Iljushin,A"]
[Black "Alikhanov,F"]
[Result "1-0"]
[WhiteElo "2526"]
[BlackElo "2364"]

1.d4 Nf6 2.c4 g6 3.Nc3 d5 4.cxd5 Nxd5 5.e4 Nxc3 6.bxc3 Bg7 7.Be3 c5 8.Qd2 O-O
9.Rc1 Qa5 10.d5 f5 11.exf5 Bxf5 12.Nf3 Nd7 13.Be2 Nf6 14.c4 Qa3 15.O-O Ne4
16.Qe1 Qxa2 17.Nh4 b6 18.Nxf5 gxf5 19.Bd3 Qb2 20.Bxe4 fxe4 21.Bd2 Bd4 22.Bc3 Bxc3
23.Rxc3 Rf4 24.Re3 Qd4 25.g3 Rf7 26.Rxe4 Qf6 27.Qe2 Raf8 28.f4 Qg7 29.Kh1 Rd8
30.Re1 a6 31.Re5 Kf8 32.Ra1 a5 33.Qb2 Rf6 34.Rae1 Rd7 35.R1e2 Qf7 36.Kg2 Qg7
37.Qb5 Rc7 38.Re6 Rxe6 39.Rxe6 Qc3  1-0

[Event "ch-RUS"]
[Site "Krasnodar RUS"]
[Date "2002.08.28"]
[Round "2"]
[White "Volkov,S"]
[Black "Beshukov,S"]
[Result "1-0"]
[WhiteElo "2636"]
[BlackElo "2475"]

1.d4 Nf6 2.c4 g6 3.Nc3 d5 4.cxd5 Nxd5 5.e4 Nxc3 6.bxc3 Bg7 7.Qa4+ Nd7 8.Nf3 c5
9.Bg5 O-O 10.Rb1 h6 11.Be3 a6 12.Qa3 cxd4 13.cxd4 Nf6 14.Bd3 Ng4 15.e5 Nxe3
16.fxe3 Rb8 17.O-O b5 18.Nd2 Kh7 19.Ne4 f6 20.Nc5 Qb6 21.Qb3 f5 22.Rfc1 f4
23.Be4 Kh8 24.exf4 Rxf4 25.Qe3 g5 26.Rf1 Rxf1+ 27.Rxf1 Be6 28.Bc2 Rc8 29.h4 gxh4
30.Nxe6 Rxc2 31.Nxg7 Qc6 32.d5 Qg6 33.Qf3 Qxg7 34.d6 exd6 35.Qa8+ Qg8 36.Rf8 Rxg2+
37.Kf1 Rg1+ 38.Kf2 Rg2+ 39.Ke3 Rg3+ 40.Kd2 h3 41.exd6 h2 42.Rxg8+ Rxg8 43.Qh1  1-0

[Event "TCh-BIH"]
[Site "Neum BIH"]
[Date "2002.08.28"]
[Round "6"]
[White "Begic,S"]
[Black "Kamberovic,S"]
[Result "0-1"]
[WhiteElo "2342"]
[BlackElo "2228"]

1.d4 Nf6 2.c4 g6 3.Nc3 d5 4.cxd5 Nxd5 5.e4 Nxc3 6.bxc3 Bg7 7.Bc4 c5 8.Ne2 O-O
9.O-O cxd4 10.cxd4 Nc6 11.Be3 Bg4 12.f3 Na5 13.Bd3 Be6 14.Qa4 a6 15.Nf4 b5
16.Qa3 Bxd4 17.Bxd4 Qxd4+ 18.Kh1 Qd6 19.Qc1 Rac8 20.Qe3 Nc4 21.Bxc4 Bxc4
22.Rfd1 Qe5 23.Nh3 Rfd8 24.Nf2 Rxd1+ 25.Rxd1 Bxa2 26.Ng4 Qe6 27.Nh6+ Kg7
28.Qg5 f6 29.Qh4 a5 30.e5 f5 31.g4 fxg4 32.Nxg4 h5 33.Ne3 Qxe5 34.Re1 Qf6
35.Qe4 Rf8 36.Kg2 b4 37.Kf2 e6 38.Rd1 Rf7 39.Rd6 Qf4 40.Qxf4 Rxf4 41.Ra6 b3
42.Nd1 Rd4 43.Ke1 Rxd1+  0-1

[Event "ch-RUS"]
[Site "Krasnodar RUS"]
[Date "2002.08.30"]
[Round "4"]
[White "Poluljahov,A"]
[Black "Vorobiov,E"]
[Result "1-0"]
[WhiteElo "2512"]
[BlackElo "2542"]

1.d4 Nf6 2.c4 g6 3.Nc3 d5 4.cxd5 Nxd5 5.e4 Nxc3 6.bxc3 Bg7 7.Ba3 Nd7 8.Nf3 c5
9.Bc4 cxd4 10.Qb3 O-O 11.cxd4 Nb6 12.O-O Nxc4 13.Qxc4 a5 14.Rfd1 Bg4 15.Rab1 Rc8
16.Qd3 Bxf3 17.gxf3 Qd7 18.Bc1 Rc6 19.Kg2 Rfc8 20.Be3 Rc4 21.Qd2 f5 22.exf5 gxf5
23.Qxa5 R4c6 24.Qb5 b6 25.Kh1 f4 26.Bxf4 Bxd4 27.Rg1+ Kh8 28.Rbd1 Qh3 29.Rg3 Qh5
30.Qxh5  1-0

[Event "TCh-BIH"]
[Site "Neum BIH"]
[Date "2002.08.30"]
[Round "9"]
[White "Saric,Ib"]
[Black "Ruck,R"]
[Result "1/2-1/2"]
[WhiteElo "2366"]
[BlackElo "2571"]

1.d4 Nf6 2.c4 g6 3.Nc3 d5 4.cxd5 Nxd5 5.e4 Nxc3 6.bxc3 Bg7 7.Bc4 c5 8.Ne2 Nc6
9.Be3 O-O 10.O-O Bg4 11.f3 Na5 12.Bxf7+ Rxf7 13.fxg4 Rxf1+ 14.Kxf1 cxd4 15.cxd4 e5
16.Kg1 b5 17.Rb1 a6 18.a4 Nc4 19.Bf2 exd4 20.Nxd4 Rb8 21.axb5 axb5 22.Nc6 Qxd1+
23.Rxd1 Re8 24.Rb1 Ne5 25.Nxe5 Rxe5 26.Bd4 Rxe4 27.Bxg7 Kxg7 28.Rxb5 Rxg4  1/2-1/2

[Event "ch-RUS"]
[Site "Krasnodar RUS"]
[Date "2002.09.01"]
[Round "6"]
[White "Diu,V"]
[Black "Shomoev,A"]
[Result "0-1"]
[WhiteElo "2451"]
[BlackElo "2533"]

1.d4 Nf6 2.c4 g6 3.Nc3 d5 4.cxd5 Nxd5 5.e4 Nxc3 6.bxc3 Bg7 7.Nf3 c5 8.Rb1 O-O
9.Be2 b6 10.O-O Bb7 11.Qd3 Ba6 12.Qe3 Qd7 13.Bxa6 Nxa6 14.d5 Qa4 15.Qe2 Nc7
16.c4 e5 17.Rb3 Ne8 18.Bb2 f6 19.Ra3 Qd7 20.Nd2 Nd6 21.Rh3 Rae8 22.Qd3 f5
23.Qc2 Rf7 24.Re1 f4 25.Qd1 g5 26.Qh5 Bf6 27.Ra3 Rg7 28.h3 Kh8 29.Nf3 Rg6
30.h4 Nf7 31.hxg5 Bxg5 32.Nxg5 Nxg5 33.Kf1 Qg7 34.d6 Rd8 35.Rd3 Nf7 36.d7 Kg8
37.Qh3 Qf6 38.Red1 Rg5 39.Rd5 h6 40.R1d3 Kf8 41.Rf3 Qg6 42.Rd1  0-1

[Event "Southern California Open"]
[Site "Los Angeles USA"]
[Date "2002.09.01"]
[Round "3"]
[White "Garrett,Pi"]
[Black "Khachian,M"]
[Result "1-0"]
[WhiteElo "2291"]
[BlackElo "2477"]

1.d4 Nf6 2.c4 g6 3.Nc3 d5 4.cxd5 Nxd5 5.e4 Nxc3 6.bxc3 Bg7 7.Bc4 O-O 8.Ne2 Nc6
9.O-O e5 10.d5 Na5 11.Bd3 b6 12.c4 c5 13.Bb2 Qe7 14.a4 Nb7 15.Bc3 a5 16.Rb1 Ra6
17.Rb3 Nd6 18.Qb1 f5 19.f3 fxe4 20.fxe4 Rxf1+ 21.Kxf1 Qf6+ 22.Kg1 Bh6 23.Kh1 Nf7
24.Ng1 Bd7 25.Qa1 Bf4 26.Rb1 Bxh2 27.Rf1 Bf4 28.g3 Qg5 29.gxf4 Qh4+ 30.Kg2 Qg4+
31.Kf2 Qxf4+ 32.Ke1 Qe3+ 33.Be2 Nd6 34.Bxe5 Nxe4 35.Bf4 Qb3 36.Bh6 Qb4+ 37.Kd1 Qxa4+
38.Qxa4 Bxa4+ 39.Kc1 Ra8 40.Bg4 Nd6 41.Nf3  1-0

[Event "5th Pyramiden-Franken Cup"]
[Site "Fuerth GER"]
[Date "2002.09.03"]
[Round "4"]
[White "Khenkin,I"]
[Black "Jansa,Vl"]
[Result "1-0"]
[WhiteElo "2598"]
[BlackElo "2500"]

1.d4 Nf6 2.c4 g6 3.Nc3 d5 4.cxd5 Nxd5 5.e4 Nxc3 6.bxc3 Bg7 7.Nf3 c5 8.Be3 Qa5
9.Qd2 Nc6 10.Rb1 a6 11.Rc1 cxd4 12.cxd4 Qxd2+ 13.Kxd2 f5 14.e5 Be6 15.Bc4 Bxc4
16.Rxc4 h6 17.Rb1 Rd8 18.Ke2 Kf7 19.e6+ Kxe6 20.Rxb7 Rd6 21.Bf4 Nxd4+ 22.Kd3 Nxf3+
23.Bxd6 exd6 24.gxf3 Bf6 25.Ra7 Rb8 26.Rxa6 Rb2 27.Rc2 Rb4 28.a4 Be5 29.Ra2 Bxh2
30.a5 h5 31.Ra8 Rb3+ 32.Ke2  1-0

[Event "VII Open"]
[Site "Cesenatico ITA"]
[Date "2002.09.04"]
[Round "4"]
[White "Tommasini,E"]
[Black "Tomescu,V"]
[Result "0-1"]
[WhiteElo "2127"]
[BlackElo "2438"]

1.d4 Nf6 2.c4 g6 3.Nc3 d5 4.cxd5 Nxd5 5.e4 Nxc3 6.bxc3 Bg7 7.Bc4 O-O 8.Ne2 b6
9.Be3 Bb7 10.f3 Nc6 11.O-O Na5 12.Bd3 Rc8 13.Rb1 c5 14.Qa4 e6 15.Rfd1 cxd4
16.cxd4 Qe7 17.Rbc1 Rfd8 18.Rxc8 Rxc8 19.Rc1 Rxc1+ 20.Bxc1 Nc6 21.Bd2 Qd8
22.Be3 Qd6 23.a3 Bf8 24.Bc1 a6 25.Bb2 b5 26.Qd1 Bg7 27.Bb1 Nxd4 28.Nxd4 e5
29.a4 exd4 30.Qb3 Bc6 31.Ba2 Qd7 32.Qd3 bxa4 33.e5 Bxe5 34.Qxa6 d3 35.Bxe5 d2
36.h4 d1=Q+ 37.Kh2  0-1

[Event "ECC"]
[Site "Halkidiki GRE"]
[Date "2002.09.22"]
[Round "1"]
[White "Parker,J"]
[Black "Avrukh,B"]
[Result "1/2-1/2"]
[WhiteElo "2570"]
[BlackElo "2582"]

1.d4 Nf6 2.c4 g6 3.Nc3 d5 4.cxd5 Nxd5 5.e4 Nxc3 6.bxc3 Bg7 7.Bc4 c5 8.Ne2 O-O
9.O-O Nc6 10.Be3 Bd7 11.Rc1 Rc8 12.Bd3 Qa5 13.Qb3 Qc7 14.Qa3 Qd6 15.Bb1 cxd4
16.Qxd6 exd6 17.cxd4 a6 18.Rc3 b5 19.Rfc1 a5 20.Bd3 b4 21.R3c2 Na7 22.Rxc8 Rxc8
23.Rxc8+ Nxc8 24.d5 f5 25.f3 Kf7 26.Kf2 Bf6 27.Ke1 fxe4 28.fxe4 g5 29.Kd2 Ke7
30.Nd4 h6  1/2-1/2

[Event "ECC"]
[Site "Halkidiki GRE"]
[Date "2002.09.24"]
[Round "3"]
[White "Glavas,D"]
[Black "Timofeev,Ar"]
[Result "0-1"]
[WhiteElo "2273"]
[BlackElo "2558"]

1.d4 Nf6 2.c4 g6 3.Nc3 d5 4.cxd5 Nxd5 5.e4 Nxc3 6.bxc3 Bg7 7.Nf3 c5 8.Bb5+ Bd7
9.Be2 O-O 10.O-O Nc6 11.Rb1 Qc7 12.h3 b6 13.Bg5 cxd4 14.cxd4 Qd6 15.e5 Qd5
16.Qd2 f6 17.Rfc1 Na5 18.Bh6 Rac8 19.Bxg7 Kxg7 20.Ba6 Rc6 21.Re1 Rc7 22.exf6+ exf6
23.Qf4 Rc6 24.Re7+ Rf7 25.Rxf7+ Qxf7 26.Bb5 Rc8 27.a4 Be6 28.Re1 Bd5 29.Qd6 Nc6
30.Bxc6 Rxc6 31.Qa3 Re6 32.Rc1 Qd7 33.Nh2 Bc6 34.Ng4 Rd6 35.a5 h5 36.Ne3 Rxd4
37.axb6 axb6 38.Qa6 Rb4 39.Rd1 Qe7 40.Qc8 Be8 41.Rc1 Bf7 42.Nd5 Bxd5 43.Rc7 Qxc7
44.Qxc7+ Bf7 45.Qc3 Rb3 46.Qd4 b5 47.f4 b4 48.Kh2 h4 49.Qe4 Rb2 50.Qd4 Rb1
51.Qe4 Rb2 52.Qd4 Re2 53.Qxb4 Bd5 54.Kg1 Rxg2+ 55.Kf1 Rg3 56.Qe7+ Bf7 57.Kf2 Rxh3
58.Kg2 Rg3+ 59.Kh2 Rf3 60.Qd6 Re3 61.Qd2 Ra3 62.Qe1 Rg3 63.Qd2 Be6 64.Qd6 Bf7
65.Qd2 Rf3 66.Kg2 Ra3 67.Qe1 Ra4 68.Qe3 Rb4 69.Qd2 Rb3 70.Kh2 Be6 71.Qd6 Rb2+
72.Kg1 Bf7 73.Qd4 Ra2 74.Qe3 Ra1+ 75.Kf2 Rb1 76.Qe7 Rb2+ 77.Kg1 Rd2 78.Qe3 Rc2
79.Qh3 Rc1+ 80.Kf2 Rc4 81.Qe3 Ra4 82.Kg2 Bd5+ 83.Kh3 Re4 84.Qd2 Be6+ 85.Kh2 h3
86.Qc2 Rc4 87.Qe2 Kf7 88.Qf2 Ra4 89.Qc5 Ra2+ 90.Kg3 Rg2+ 91.Kf3 Bg4+ 92.Ke3 Re2+
93.Kd4 Re7 94.Qd5+ Kg7 95.Qh1 Kh6 96.Qa8 Kg7 97.Qh1 Bf5 98.Kc3 Re4 99.Qh2 Kh6
100.Qf2 Re6 101.Kd2 Kh5 102.Qg1 Re4 103.Qb6 Kg4 104.Qxf6 h2 105.Qg5+ Kf3
106.Qh4 Kg2 107.Qg5+ Kf1 108.Qh4 Re2+ 109.Kd1 Rf2  0-1

[Event "ECC"]
[Site "Halkidiki GRE"]
[Date "2002.09.25"]
[Round "4"]
[White "Gofshtein,Z"]
[Black "Horvath,Jo"]
[Result "1/2-1/2"]
[WhiteElo "2519"]
[BlackElo "2535"]

1.d4 Nf6 2.c4 g6 3.Nc3 d5 4.cxd5 Nxd5 5.e4 Nxc3 6.bxc3 Bg7 7.Bc4 c5 8.Ne2 Nc6
9.Be3 O-O 10.O-O Bg4 11.f3 Bd7 12.Qd2 Qa5 13.Qb2 cxd4 14.cxd4 b5 15.Qxb5 Qxb5
16.Bxb5 Nxd4 17.Nxd4 Bxd4 18.Bxd4 Bxb5 19.Rfc1 Rfd8 20.Be3 a6 21.a4 Be8 22.Bc5 Kf8
23.Rc2 f6 24.a5 Rac8 25.Rac1 Kf7 26.Kf2 Ba4 27.Rb2 Rd7 28.Be3  1/2-1/2

[Event "ECC"]
[Site "Halkidiki GRE"]
[Date "2002.09.25"]
[Round "4"]
[White "Belozerov,A"]
[Black "Tseitlin,Ma"]
[Result "1/2-1/2"]
[WhiteElo "2541"]
[BlackElo "2472"]

1.d4 Nf6 2.c4 g6 3.Nc3 d5 4.cxd5 Nxd5 5.e4 Nxc3 6.bxc3 Bg7 7.Bc4 O-O 8.Ne2 Nc6
9.O-O e5 10.Be3 Qe7 11.Qb1 b6 12.Rd1 Bb7 13.d5 Na5 14.Bd3 c5 15.c4 Bc8 16.Bd2 Nb7
17.a4 Nd6 18.a5 Ba6 19.axb6 axb6 20.Qb3 Rfb8 21.Nc3 Qc7 22.Ra4 Bc8 23.Nb5 Nxb5
24.cxb5 Rxa4 25.Qxa4 Bf8 26.Ra1 Bd6 27.Bc4 Rb7 28.Bc3 Qe7 29.Qc2 Ra7 30.Rxa7 Qxa7
31.Qa2 Qxa2 32.Bxa2  1/2-1/2

[Event "ECC"]
[Site "Halkidiki GRE"]
[Date "2002.09.27"]
[Round "6"]
[White "Parker,J"]
[Black "Maki,V"]
[Result "1/2-1/2"]
[WhiteElo "2570"]
[BlackElo "2384"]

1.d4 Nf6 2.c4 g6 3.Nc3 d5 4.cxd5 Nxd5 5.e4 Nxc3 6.bxc3 Bg7 7.Nf3 c5 8.Bb5+ Nc6
9.O-O O-O 10.Be3 Bg4 11.dxc5 Bxc3 12.Rc1 Bg7 13.h3 Qxd1 14.Rfxd1 Bxf3 15.gxf3 Rfd8
16.f4 Rac8 17.e5 e6 18.Rxd8+ Rxd8 19.Rb1 Bf8 20.Bf1 Nd4 21.Rxb7 Bxc5 22.Kg2 Bb6
23.a4 h5 24.Bb5  1/2-1/2

[Event "Eu Rapid Ch"]
[Site "Panormo GRE"]
[Date "2002.10.01"]
[Round "7"]
[White "Banikas,H"]
[Black "Van Wely,L"]
[Result "1-0"]
[WhiteElo "2521"]
[BlackElo "2645"]

1.d4 Nf6 2.c4 g6 3.Nc3 d5 4.cxd5 Nxd5 5.e4 Nxc3 6.bxc3 Bg7 7.Be3 c5 8.Qd2 Qa5
9.Nf3 Nc6 10.Rc1 cxd4 11.cxd4 Qxd2+ 12.Kxd2 O-O 13.d5 Rd8 14.Ke1 Na5 15.Bg5 Bd7
16.Bd3 Rdc8 17.Ke2 e6 18.Rxc8+ Rxc8 19.Rc1 Rxc1 20.Bxc1 exd5 21.exd5 b5 22.Bf4 Nc4
23.Bxc4 bxc4 24.Be5 Bf8 25.Nd2 Bb5 26.Ke3 Bb4 27.Ne4 f5 28.Bc3 a5 29.Bxb4 axb4
30.Nc5 Kf7 31.Kd4 Ke7 32.Ke5 Kd8 33.d6 b3 34.axb3 c3 35.Ne6+ Kd7 36.Nd4 Bd3
37.b4 c2 38.Nb3 Be4 39.g4 Bc6 40.g5 f4 41.Nc5+ Kd8 42.Nd3 Kd7 43.h4 Bb5 44.Nc5+ Kd8
45.Nb3 Kd7 46.Kd5 Ba4 47.Nc1 Bc6+ 48.Kc5 Ba8 49.Nb3 Bf3 50.b5 Bb7 51.Kd4 Kxd6
52.Kd3 Kd5 53.Kxc2 Bc8 54.Kc3 Ke4 55.Nd2+ Kf5 56.f3 Ke5 57.Kc4 Bb7 58.Kc5 Bd5
59.b6 Ba8 60.Nc4+ Ke6 61.Na5 Bxf3 62.Nc6 Bxc6 63.Kxc6 f3 64.b7 f2 65.b8=Q f1=Q
66.Qe8+  1-0

[Event "Eu Rapid Ch"]
[Site "Panormo GRE"]
[Date "2002.10.01"]
[Round "11"]
[White "Banikas,H"]
[Black "Karjakin,Sergey"]
[Result "1/2-1/2"]
[WhiteElo "2521"]
[BlackElo "2523"]

1.d4 Nf6 2.c4 g6 3.Nc3 d5 4.cxd5 Nxd5 5.e4 Nxc3 6.bxc3 Bg7 7.Be3 c5 8.Qd2 cxd4
9.cxd4 Nc6 10.Rd1 Bg4 11.f3 Bd7  1/2-1/2